00803nam a2200253 a 4500001001300000003000900013005001700022008004100039020001200080082001500092100001900107245007500126260003800201300000900239500003500248505002900283650002500312700002200337700002300359902000800382942000700390952013700397999001500534nice12345678IN_TiNIC20260116011800.0050524s1966 lona grp 000 0 eng  ac93.1600a275.4bALT aAlter, James P aChurch as Christian Communityb Three Studies of North Indian Churches aLondon bLutterworth Press c1966 a353p aincludes index and biblioraphy2 aIll, Bibliography, Index aChurch-History India1 aHerbert Jai Singh1 aVictor E W Hayward bSRS cBK 001040708StackRoom-aHMIbHMId2007-07-18g93.16l2o275.4 ALTp07838q2026-02-24r2026-02-10s2026-02-10v93.16w2005-05-24yBK c3925d3925